000 01749cam a22004814i 4500
003 PE-LiUPU
005 20250731173459.0
008 150617s1983 miu rb 000 0 eng d
020 _a0802814239
035 _a(Sirsi) i9780802814234
040 _aPE-LiUPU
_bspa
_cPE-LiUPU
_erda
049 _aPRUA
082 0 4 _a225.07
_bT
_221
100 1 _aMarshall, L. Howard,
_eautor.
245 1 4 _aThe Acts of the Apostles /
_cuna introducción y comentario por I. Howard Marshall.
264 1 _aMichigan :
_bEerdmans Publishing Company,
_c1983.
300 _a427 páginas ;
_c20 centímetros.
336 _atext
_2rdacontent
337 _aunmediated
_2rdamedia
338 _avolume
_2rdacarrier
490 0 _a(Tyndale New Testament Commentaries ;
_v5)
500 _aEn cubierta: “A concise, workable tool for laymen, teachers and ministers”
504 _aIncluye bibliografía.
505 0 _aMap the near eastÚ£ 4.
526 _aSEG42
526 _aSEG41
526 _aSEG40
526 _aSEG39
526 _aP94
526 _aP87
526 _aP86
526 _aP85
526 _aP77
526 _aP76
526 _aP35
630 0 _aBiblia.
_pHechos
_xCrítica, interpretación, etc.
_91661
910 _ajck
942 _2ddc
_cBK
949 _a225.07 T 5
_wDEWEY
_c1
_i21822
_lCCODEBUL1
_mBUL
_r0
_sY
_tBOOK
_u2015-6-17
_xTEOLOGIA
_0COMPRA
_o.CIRCNOTE. No olvidar cambiar la fecha de devolución!!!!!!!
_o.STAFF. Colección Teología
949 _aRC 225.077 T 5
_wDEWEY
_c1
_i40205
_lCCODEBUL1
_mBUL
_r0
_sY
_tBOOK
_u2015-6-16
_xTEOLOGIA
_0COMPRA
_o.CIRCNOTE. No olvidar cambiar la fecha de devolución!!!!!!!
_o.STAFF. Colección Teología
999 _c58002
_d58002
980 _81
_gALBERTO SANCHEZ Responsable de Automatización